Sports Quiz

Random Sports or Football Quiz

Pro Football Hall of Famers: 20th Century Quiz Stats

 Plays Quiz Updated Mar 11, 2020

Support Sporcle.
Go Orange.
Score 0/174 Timer 20:00
8 Plays Today
Year Player % Correct
1994Jackie Smith
89.2%
2000Joe Montana
85.9%
1971Jim Brown
84.7%
1984Willie Brown
84%
1975Roosevelt 'Rosey' Brown
84%
1989Terry Bradshaw
79.6%
1987Joe Greene
78.7%
1980Deacon Jones
78.2%
1991Stan Jones
78%
1999Lawrence Taylor
78%
1977Bart Starr
77.8%
1976Jim Taylor
77.6%
1984Charley Taylor
77.4%
1993Walter Payton
76.7%
1994Randy 'Manster' White
76.3%
1979Johnny Unitas
75.9%
1987John Henry Johnson
75.8%
1994Jimmy Johnson
75.8%
1985Joe Namath
74.8%
1990Franco Harris
74.3%
1994Leroy Kelly
73.7%
1985Roger Staubach
72%
1986Fran Tarkenton
69.4%
1985Orenthal James 'O.J.' Simpson
66.3%
1993Dan Fouts
65.9%
1979Dick Butkus
65%
1987Len Dawson
64.8%
1981Willie Davis
63.8%
1990Bob Griese
63.6%
1987Larry Csonka
63.1%
1988Mike Ditka
62.9%
1988Jack Ham
62.8%
1977Gale Sayers
62.6%
1963Sammy Baugh
61.8%
1971Y.A. Tittle
61.8%
1990Jack Lambert
61.4%
1965Otto Graham
61.4%
1999Eric Dickerson
60.4%
1991Earl Campbell
60.1%
1998Mike Singletary
59.2%
1995Steve Largent
58.4%
1994Tony Dorsett
58.2%
1992John Riggins
58%
1989Willie Wood
57.9%
2000Ronnie Lott
57.5%
1995Kellen Winslow
56.5%
1963Harold 'Red' Grange
56.2%
1974Dick 'Night Train' Lane
55.4%
1963Jim Thorpe
54.2%
1981George Blanda
53.3%
1998Anthony Muñoz
53.2%
1977Frank Gifford
53%
1986Paul Hornung
52.8%
1971Norm Van Brocklin
52.2%
1988Alan Page
52.2%
1967Bobby Layne
51.7%
1978Larry Wilson
51.3%
1983Sonny Jurgensen
51%
Year Player % Correct
1989Mel Blount
50.8%
1963Bronko Nagurski
50.8%
1997Mike Webster
50.6%
2000Howie Long
50%
1973Raymond Berry
49.8%
1982Merlin Olsen
49.7%
1978Lance Alworth
49.4%
1963Don Hutson
49.2%
1989Art Shell
49%
1993Larry Little
48.2%
1969Joe Perry
48.1%
1987Gene Upshaw
48%
1963Earl 'Dutch' Clark
48%
1988Fred Biletnikoff
47.1%
1980Jim Otto
46.5%
1965Sid Luckman
46.5%
1975Lenny Moore
46.2%
1986Doak Walker
45.9%
1980Bob Lilly
45.7%
1983Paul Warfield
45.7%
1991John Hannah
45.2%
1987Don Maynard
45.2%
1999Tom Mack
45.2%
1978Ray Nitschke
45.2%
1977Forrest Gregg
44.9%
1999Ozzie Newsome
44.9%
1967Chuck Bednarik
43.7%
1983Bobby Bell
43.7%
1996Charlie Joiner
43.2%
1997Mike Haynes
42.7%
1973Jim Parker
42.6%
1972Clarence 'Ace' Parker
42.5%
1965Steve Van Buren
42.4%
1990Ted Hendricks
42.3%
1992John Mackey
42.3%
1991Jan Stenerud
42.1%
1995Lee Roy Selmon
41.5%
1982Sam Huff
40.8%
1974Bill George
40.7%
1996Dan Dierdorf
40.4%
1965Bob Waterfield
40.3%
1968Art Donovan
40.2%
1986Willie Lanier
40.1%
1968Elroy Hirsch
39.8%
1974Lou Groza
39.4%
1998Paul Krause
38.6%
1980Herb Adderley
38.3%
1998Dwight Stephenson
38%
1968Marion Motley
37.7%
1983Bobby Mitchell
37.7%
1990Junious 'Buck' Buchanan
37.4%
1972Gino Marchetti
36.9%
1963Mel Hein
36.7%
1995Henry Jordan
36%
1996Mel Renfro
35.4%
1998Tommy McDonald
34.8%
1986Ken Houston
34.7%
1963Ernie Nevers
34.5%
Year Player % Correct
1966Clyde 'Bulldog' Turner
34.1%
1979Yale Lary
33.7%
1981Jim Ringo
33%
1992Lem Barney
32.9%
1979Ron Mix
32.7%
1973Joe Schmidt
32.5%
1982Doug Atkins
32.3%
1987Jim Langer
32.2%
1963Wilbur 'Pete' Henry
31.6%
1963John 'Blood' McNally
31.5%
1976Len Ford
31.5%
1967Emlen Tunnell
31%
1963Robert 'Cal' Hubbard
30.9%
1977Bill Willis
30.4%
1969Albert Glen 'Turk' Edwards
30.4%
1990Bob St. Clair
30.4%
1970Hugh McElhenny
30.3%
1970Tom Fears
30.2%
1999Billy Shaw
30.1%
1972Ollie Matson
30%
1971Andy Robustelli
28.3%
2000Dave Wilcox
28%
1968Charley Trippi
27.7%
1969Ernie Stautner
27.6%
1970Pete Pihos
27.5%
1975Dante Lavelli
27.1%
1964Clarke Hinkle
26.6%
1970Jack Christiansen
26.4%
1967Ken Strong
26.2%
1974Tony Canadeo
25.8%
1969Leo Nomellini
25.7%
1965John 'Paddy' Driscoll
25.6%
1975George Connor
25.3%
1964Jimmy Conzelman
25.1%
1996Lou Creekmur
24.5%
1966Arnie Herber
24.3%
1968Cliff Battles
24.1%
1966Bill Dudley
23.8%
1981Morris 'Red' Badgro
23.3%
1965Guy Chamberlin
23.1%
1985Frank Gatski
23.1%
1966George McAfee
22.9%
1982George Musso
22.9%
1978Alphonse 'Tuffy' Leemans
22.4%
1966Joe Guyon
22.3%
1965Dan Fortmann
22.2%
1964Ed Healey
22.2%
1984Mike McCormack
22.1%
1964William Roy 'Link' Lyman
21.9%
1971Bill Hewitt
21.8%
1971Frank 'Bruiser' Kinard
21.6%
1964George Trafton
21%
1964Mike Michalske
20.7%
1984Arnie Weinmeister
20.1%
1967Joe Stydahar
19.9%
1968Wayne Millner
19.6%
1966Walt Kiesling
19.3%
1968Alex Wojciechowicz
16.8%

From the Vault

8 Scenes, 1 Movie! XII

by BigAl1994

Movies 10m
Make it a personal project to see all of these movies.
Remove Ads.
Support Sporcle.
Get the best of Sporcle when you Go Orange. This ad-free experience offers more features, more stats, and more fun while also helping to support Sporcle. Thank you for becoming a member.

Show Comments

Extras

Top Quizzes Today


Score Distribution

Your Account Isn't Verified!

In order to create a playlist on Sporcle, you need to verify the email address you used during registration. Go to your Sporcle Settings to finish the process.

Report this User

Report this user for behavior that violates our Community Guidelines.

Details: